000 01312cam a22003617a 4500
003 CHAP
005 20220329141102.0
008 971013s1995 r 00010 d
010 _a62373
011 _a63345
020 _a8470033409
035 _a67521
040 _cCHAP
082 _a581.634
_bJ7
100 0 0 _aJuscafresa Serrat, Baudilio.
_962535
245 0 _aGuía de la flora medicinal tóxica, aromática y condimenticia
_c/por Baudilio Juscafresa
260 _aMadrid :
_bAedos,
_c1995.
300 _a542 p.
_b: ilus.
590 _aBATCH-UPD
_b10
_c20130110
_lUCH01
_h1136
590 _aBATCH-UPD
_b10
_c20130410
_lUCH01
_h0723
590 _aBATCH-UPD
_b10
_c20130914
_lUCH01
_h0741
590 _aCONVERSION
_b10
_c20130109
_lUCH01
_h1333
650 1 4 _aBotánica médica.
_914680
650 1 4 _aCondimentos.
_926337
650 1 4 _aPlantas aromáticas.
_988900
650 1 4 _aPlantas venenosas.
_989092
901 _aBK
942 _cLIBRO
949 _a581.634 J7
_bBC
_cC
_d33724000746137
_eC
_gI. 187962
_h92085
_i67521
_sb
_t130.00
949 _a581.634 J7
_bBC
_cC
_d33724000956892
_eC
_fc.2
_gI.c/e
_h105792
_i67521
_si
_t$ 246.00
949 _a581.634 J7
_bBC
_cC
_d33724000977104
_eC
_fc.3
_gI.c/e
_h105793
_i67521
_sb
_t$ 246.00
949 _a581.634 J7
_bBC
_cC
_d33724000977161
_eC
_fc.4
_gI.c/e
_h105794
_i67521
_sb
_t$ 246.00
999 _c62373
_d62373